| 000 | 00653nam a22001697a 4500 | ||
|---|---|---|---|
| 999 |
_c19738 _d19738 |
||
| 008 | 240318b ||||| |||| 00| 0 eng d | ||
| 020 | _a0874848288 | ||
| 082 |
_aDC 573 _bF31 1989 |
||
| 100 |
_aFeder, Kenneth L. _915045 |
||
| 245 |
_aHuman antiquity : _ban introduction to physical anthropology and archeology / _cKenneth L. Feder and Michael Alan Park. |
||
| 260 |
_aCalifornia : _bMayfield Publishing Company, _c©1989. |
||
| 300 |
_axvi, 412 pages : _billustrations ; _c23 cm. |
||
| 500 | _aIncludes glossaries, bibliography and index. | ||
| 650 |
_aPhysical anthropology. _954926 |
||
| 700 |
_aPark, Michael Alan. _eauthor. _922997 |
||
| 942 |
_2ddc _cDC |
||